Name a US State... - Statistics

General Stats
  • This quiz has been taken 39 times
  • The average score is 7 of 9
Answer Stats
Hint Answer % Correct
That became a state in the 20th century Alaska | Arizona | Hawaii | New Mexico | Oklahoma
97%
That borders Missouri/Tennessee (excluding Missouri and Tennessee) Alabama | Arkansas | Georgia | Illinois | Iowa | Kansas | Kentucky | Mississippi | Nebraska | North Carolina | Oklahoma | Virginia
95%
That has more cows than people Idaho | Iowa | Kansas | Montana | Nebraska | North Dakota | Oklahoma | South Dakota | Wyoming
95%
That has at least four presidents born in that state Massachusetts | New York | Ohio | Virginia
95%
That has a cardinal direction in its name North Carolina | North Dakota | South Carolina | South Dakota | West Virginia
95%
That seceded from the USA Alabama | Arkansas | Florida | Georgia | Louisiana | Mississippi | North Carolina | South Carolina | Tennessee | Texas | Virginia
92%
That does not have straight lines in their borders Hawaii
84%
Whose current flag was adopted before 2000 (total redesigns only) Georgia | Minnesota | Mississippi | Utah
45%
Whose state motto can be presented in English or Latin Kentucky | North Dakota | Vermont
26%
No matching quizzes found
Score Distribution
Percent of People with Each Score
Percentile by Number Answered
Your Score History
You have not taken this quiz